000 01746cam a22001814a 4500
005 20250605164356.0
008 250528s ||||||||||||||||||||||||d
035 _a24325
040 _aGR-AtMCL
_bgre
_dGR-AtMCL
_eAACR2
245 1 _aΈνας στους Δύο Έλληνες Τάσσεται Υπέρ της Λειτουργίας Ιδιωτικών Πανεπιστημίων / Τα Επιχειρηματικά Σχήματα της Θ.Ε.Α.
260 _bΕμπορικό Και Βιομηχανικό Επιμελητήριο Αθηνών,
_c2016
300 _a64
520 _aΣτρατηγική Συνεργασία του Πανεπιστημίου το Χάρβαρντ με το Ι.Δ.Ε.Μ.Ε.Δ., Υπογραφή Μνημονίου Συνεργασίας μεταξύ του Ε.Β.Ε.Α. και της Ομοσπονδίας Ισραηλινών Επιμελητηρίων, Η Συμβολή των Γλωσσών στην Ανάπτυξη και στην Απασχόληση, Κψδικός 'Χρυσό Δισκοπότηρο' για την Ελληνική Κυβέρνηση, Η Ρύθμιση για τα 'Κόκκινα Δάνεια', Ο.Α.Ε.Ε.: Ο Αδύναμος Κρίκος του Ασφαλιστικού, Θνησιγενές το Νέο Υπερταμείο Ασφάλισης, Αρχίζει μια Νέα Εποχή για την Ελληνική Φαρμακοβιομηχανία, Αυξημένα τα Ποσοστά Συγχρηματοδότησης για Ελλάδα και Κύπρο, Ζήτημα Επάρκειας Ηλεκτρικής Ενέργειας μετά το 2020.
700 1 _aΜίχαλος Κωνσταντίνος
_94319
942 _cCR
999 _c9214
_d9214